000 00658nam a22001577a 4500
003 OSt
005 20150909152606.0
008 150909b xxu||||| |||| 00| 0 eng d
040 _cRUA
082 _aAGR ប៉ាន់​ 1994 B008 Or.1
100 _9184
_aប៉ាន់ សុដាវី
245 _aការដកស្រង់ទំលាប់នៃការអនុវត្តន៍កិច្ចការពារដំណាំស្រូវរវបស់កសិករនៅស្រុកទីរួមខេត្ត ខេត្តតាកែវ
260 _aRUA
_bphnom penh
_c1994
300 _a62p.
_cill.
_g29cm.
942 _2ddc
_cAGR
999 _c166
_d166